{"text_format":"3","workbook":"xls","n_sheets":1,"sheets":["Suministro_ExistenciaConPrecio_"],"not_rendered":{"images":1,"external_links":1,"defined_names":1},"read":"whole","date_system":"1900","formulas":"cached_only"}

{"sheet":"Suministro_ExistenciaConPrecio_","index":0,"n_rows":172,"n_cols":10,"rows_kept":172,"merged":[[0,0,3,1],[0,2,0,10],[2,2,2,10],[6,0,7,5],[7,8,8,9],[9,8,11,9],[10,0,10,5],[13,1,13,11],[14,1,14,2],[14,5,14,6],[14,7,14,8],[14,9,14,11],[15,1,15,2],[15,5,15,6],[15,7,15,8],[15,9,15,11],[16,1,16,2],[16,5,16,6],[16,7,16,8],[16,9,16,11],[17,1,17,2],[17,5,17,6],[17,7,17,8],[17,9,17,11],[18,1,18,2],[18,5,18,6],[18,7,18,8],[18,9,18,11],[19,1,19,2],[19,5,19,6],[19,7,19,8],[19,9,19,11],[20,1,20,2],[20,5,20,6],[20,7,20,8],[20,9,20,11],[21,1,21,2],[21,5,21,6],[21,7,21,8],[21,9,21,11],[22,1,22,2],[22,5,22,6],[22,7,22,8],[22,9,22,11],[23,1,23,2],[23,5,23,6],[23,7,23,8],[23,9,23,11],[24,1,24,2],[24,5,24,6],[24,7,24,8],[24,9,24,11],[25,1,25,2],[25,5,25,6],[25,7,25,8],[25,9,25,11],[26,1,26,2],[26,5,26,6],[26,7,26,8],[26,9,26,11],[27,1,27,2],[27,5,27,6],[27,7,27,8],[27,9,27,11],[28,1,28,2],[28,5,28,6],[28,7,28,8],[28,9,28,11],[29,1,29,2],[29,5,29,6],[29,7,29,8],[29,9,29,11],[30,1,30,2],[30,5,30,6],[30,7,30,8],[30,9,30,11],[31,1,31,2],[31,5,31,6],[31,7,31,8],[31,9,31,11],[32,1,32,2],[32,5,32,6],[32,7,32,8],[32,9,32,11],[33,1,33,2],[33,5,33,6],[33,7,33,8],[33,9,33,11],[34,1,34,2],[34,5,34,6],[34,7,34,8],[34,9,34,11],[35,1,35,2],[35,5,35,6],[35,7,35,8],[35,9,35,11],[36,1,36,2],[36,5,36,6],[36,7,36,8],[36,9,36,11],[37,1,37,2],[37,5,37,6],[37,7,37,8],[37,9,37,11],[38,1,38,2],[38,5,38,6],[38,7,38,8],[38,9,38,11],[39,1,39,2],[39,5,39,6],[39,7,39,8],[39,9,39,11],[40,1,40,2],[40,5,40,6],[40,7,40,8],[40,9,40,11],[41,1,41,2],[41,5,41,6],[41,7,41,8],[41,9,41,11],[42,1,42,2],[42,5,42,6],[42,7,42,8],[42,9,42,11],[43,1,43,2],[43,5,43,6],[43,7,43,8],[43,9,43,11],[44,1,44,2],[44,5,44,6],[44,7,44,8],[44,9,44,11],[45,1,45,2],[45,5,45,6],[45,7,45,8],[45,9,45,11],[46,1,46,2],[46,5,46,6],[46,7,46,8],[46,9,46,11],[47,1,47,2],[47,5,47,6],[47,7,47,8],[47,9,47,11],[48,1,48,2],[48,5,48,6],[48,7,48,8],[48,9,48,11],[49,1,49,2],[49,5,49,6],[49,7,49,8],[49,9,49,11],[50,1,50,2],[50,5,50,6],[50,7,50,8],[50,9,50,11],[51,1,51,2],[51,5,51,6],[51,7,51,8],[51,9,51,11],[52,1,52,2],[52,5,52,6],[52,7,52,8],[52,9,52,11],[53,1,53,2],[53,5,53,6],[53,7,53,8],[53,9,53,11],[54,1,54,2],[54,5,54,6],[54,7,54,8],[54,9,54,11],[55,1,55,2],[55,5,55,6],[55,7,55,8],[55,9,55,11],[56,1,56,2],[56,5,56,6],[56,7,56,8],[56,9,56,11],[57,1,57,2],[57,5,57,6],[57,7,57,8],[57,9,57,11],[58,1,58,2],[58,5,58,6],[58,7,58,8],[58,9,58,11],[59,1,59,2],[59,5,59,6],[59,7,59,8],[59,9,59,11],[60,1,60,2],[60,5,60,6],[60,7,60,8],[60,9,60,11],[61,1,61,2],[61,5,61,6],[61,7,61,8],[61,9,61,11],[62,1,62,2],[62,5,62,6],[62,7,62,8],[62,9,62,11],[63,1,63,2],[63,5,63,6],[63,7,63,8],[63,9,63,11],[64,1,64,2],[64,5,64,6],[64,7,64,8],[64,9,64,11],[65,1,65,2],[65,5,65,6],[65,7,65,8],[65,9,65,11],[66,1,66,2],[66,5,66,6],[66,7,66,8],[66,9,66,11],[67,1,67,2],[67,5,67,6],[67,7,67,8],[67,9,67,11],[68,1,68,2],[68,5,68,6],[68,7,68,8],[68,9,68,11],[69,1,69,2],[69,5,69,6],[69,7,69,8],[69,9,69,11],[70,1,70,2],[70,5,70,6],[70,7,70,8],[70,9,70,11],[71,1,71,2],[71,5,71,6],[71,7,71,8],[71,9,71,11],[72,1,72,2],[72,5,72,6],[72,7,72,8],[72,9,72,11],[73,1,73,2],[73,5,73,6],[73,7,73,8],[73,9,73,11],[74,1,74,2],[74,5,74,6],[74,7,74,8],[74,9,74,11],[75,1,75,2],[75,5,75,6],[75,7,75,8],[75,9,75,11],[76,1,76,2],[76,5,76,6],[76,7,76,8],[76,9,76,11],[77,1,77,2],[77,5,77,6],[77,7,77,8],[77,9,77,11],[78,1,78,2],[78,5,78,6],[78,7,78,8],[78,9,78,11],[79,1,79,2],[79,5,79,6],[79,7,79,8],[79,9,79,11],[80,1,80,2],[80,5,80,6],[80,7,80,8],[80,9,80,11],[81,1,81,2],[81,5,81,6],[81,7,81,8],[81,9,81,11],[82,1,82,2],[82,5,82,6],[82,7,82,8],[82,9,82,11],[83,1,83,2],[83,5,83,6],[83,7,83,8],[83,9,83,11],[84,1,84,2],[84,5,84,6],[84,7,84,8],[84,9,84,11],[85,1,85,2],[85,5,85,6],[85,7,85,8],[85,9,85,11],[86,1,86,2],[86,5,86,6],[86,7,86,8],[86,9,86,11],[87,1,87,2],[87,5,87,6],[87,7,87,8],[87,9,87,11],[88,1,88,2],[88,5,88,6],[88,7,88,8],[88,9,88,11],[89,1,89,2],[89,5,89,6],[89,7,89,8],[89,9,89,11],[90,1,90,2],[90,5,90,6],[90,7,90,8],[90,9,90,11],[91,1,91,2],[91,5,91,6],[91,7,91,8],[91,9,91,11],[92,1,92,2],[92,5,92,6],[92,7,92,8],[92,9,92,11],[93,1,93,2],[93,5,93,6],[93,7,93,8],[93,9,93,11],[94,1,94,2],[94,5,94,6],[94,7,94,8],[94,9,94,11],[95,1,95,2],[95,5,95,6],[95,7,95,8],[95,9,95,11],[96,1,96,2],[96,5,96,6],[96,7,96,8],[96,9,96,11],[97,1,97,2],[97,5,97,6],[97,7,97,8],[97,9,97,11],[98,1,98,2],[98,5,98,6],[98,7,98,8],[98,9,98,11],[99,1,99,2],[99,5,99,6],[99,7,99,8],[99,9,99,11],[100,1,100,2],[100,5,100,6],[100,7,100,8],[100,9,100,11],[101,1,101,2],[101,5,101,6],[101,7,101,8],[101,9,101,11],[102,1,102,2],[102,5,102,6],[102,7,102,8],[102,9,102,11],[103,1,103,2],[103,5,103,6],[103,7,103,8],[103,9,103,11],[104,1,104,2],[104,5,104,6],[104,7,104,8],[104,9,104,11],[105,1,105,2],[105,5,105,6],[105,7,105,8],[105,9,105,11],[106,1,106,2],[106,5,106,6],[106,7,106,8],[106,9,106,11],[107,1,107,2],[107,5,107,6],[107,7,107,8],[107,9,107,11],[108,1,108,2],[108,5,108,6],[108,7,108,8],[108,9,108,11],[109,1,109,2],[109,5,109,6],[109,7,109,8],[109,9,109,11],[110,1,110,2],[110,5,110,6],[110,7,110,8],[110,9,110,11],[111,1,111,2],[111,5,111,6],[111,7,111,8],[111,9,111,11],[112,1,112,2],[112,5,112,6],[112,7,112,8],[112,9,112,11],[113,1,113,2],[113,5,113,6],[113,7,113,8],[113,9,113,11],[114,1,114,2],[114,5,114,6],[114,7,114,8],[114,9,114,11],[115,1,115,2],[115,5,115,6],[115,7,115,8],[115,9,115,11],[116,1,116,2],[116,5,116,6],[116,7,116,8],[116,9,116,11],[117,1,117,2],[117,5,117,6],[117,7,117,8],[117,9,117,11],[118,1,118,2],[118,5,118,6],[118,7,118,8],[118,9,118,11],[119,1,119,2],[119,5,119,6],[119,7,119,8],[119,9,119,11],[120,1,120,2],[120,5,120,6],[120,7,120,8],[120,9,120,11],[121,1,121,2],[121,5,121,6],[121,7,121,8],[121,9,121,11],[122,1,122,2],[122,5,122,6],[122,7,122,8],[122,9,122,11],[123,1,123,2],[123,5,123,6],[123,7,123,8],[123,9,123,11],[124,1,124,2],[124,5,124,6],[124,7,124,8],[124,9,124,11],[125,1,125,2],[125,5,125,6],[125,7,125,8],[125,9,125,11],[126,1,126,2],[126,5,126,6],[126,7,126,8],[126,9,126,11],[127,1,127,2],[127,5,127,6],[127,7,127,8],[127,9,127,11],[128,1,128,2],[128,5,128,6],[128,7,128,8],[128,9,128,11],[129,1,129,2],[129,5,129,6],[129,7,129,8],[129,9,129,11],[130,1,130,2],[130,5,130,6],[130,7,130,8],[130,9,130,11],[131,1,131,2],[131,5,131,6],[131,7,131,8],[131,9,131,11],[132,1,132,2],[132,5,132,6],[132,7,132,8],[132,9,132,11],[133,1,133,2],[133,5,133,6],[133,7,133,8],[133,9,133,11],[134,1,134,2],[134,5,134,6],[134,7,134,8],[134,9,134,11],[135,1,135,2],[135,5,135,6],[135,7,135,8],[135,9,135,11],[136,1,136,2],[136,5,136,6],[136,7,136,8],[136,9,136,11],[137,1,137,2],[137,5,137,6],[137,7,137,8],[137,9,137,11],[138,1,138,2],[138,5,138,6],[138,7,138,8],[138,9,138,11],[139,1,139,2],[139,5,139,6],[139,7,139,8],[139,9,139,11],[140,1,140,2],[140,5,140,6],[140,7,140,8],[140,9,140,11],[141,1,141,2],[141,5,141,6],[141,7,141,8],[141,9,141,11],[142,1,142,2],[142,5,142,6],[142,7,142,8],[142,9,142,11],[143,1,143,2],[143,5,143,6],[143,7,143,8],[143,9,143,11],[144,1,144,2],[144,5,144,6],[144,7,144,8],[144,9,144,11],[145,1,145,2],[145,5,145,6],[145,7,145,8],[145,9,145,11],[146,1,146,2],[146,5,146,6],[146,7,146,8],[146,9,146,11],[147,1,147,2],[147,5,147,6],[147,7,147,8],[147,9,147,11],[148,1,148,2],[148,5,148,6],[148,7,148,8],[148,9,148,11],[149,1,149,2],[149,5,149,6],[149,7,149,8],[149,9,149,11],[150,1,150,2],[150,5,150,6],[150,7,150,8],[150,9,150,11],[151,1,151,2],[151,5,151,6],[151,7,151,8],[151,9,151,11],[152,1,152,2],[152,5,152,6],[152,7,152,8],[152,9,152,11],[153,1,153,2],[153,5,153,6],[153,7,153,8],[153,9,153,11],[154,1,154,2],[154,5,154,6],[154,7,154,8],[154,9,154,11],[155,1,155,2],[155,5,155,6],[155,7,155,8],[155,9,155,11],[156,1,156,2],[156,5,156,6],[156,7,156,8],[156,9,156,11],[157,1,157,2],[157,5,157,6],[157,7,157,8],[157,9,157,11],[158,1,158,2],[158,5,158,6],[158,7,158,8],[158,9,158,11],[159,1,159,2],[159,5,159,6],[159,7,159,8],[159,9,159,11],[160,1,160,2],[160,5,160,6],[160,7,160,8],[160,9,160,11],[161,1,161,2],[161,5,161,6],[161,7,161,8],[161,9,161,11],[162,1,162,2],[162,5,162,6],[162,7,162,8],[162,9,162,11],[163,1,163,2],[163,5,163,6],[163,7,163,8],[163,9,163,11],[164,1,164,2],[164,5,164,6],[164,7,164,8],[164,9,164,11],[165,1,165,2],[165,5,165,6],[165,7,165,8],[165,9,165,11],[166,1,166,2],[166,5,166,6],[166,7,166,8],[166,9,166,11],[167,1,167,2],[167,5,167,6],[167,7,167,8],[167,9,167,11],[168,1,168,2],[168,5,168,6],[168,7,168,8],[168,9,168,11],[169,1,169,2],[169,5,169,8],[169,9,169,11],[170,1,170,2],[170,5,170,6],[170,7,170,8],[170,9,170,11],[171,1,171,2],[171,5,171,11]],"flags":["formulas_cached_only"]}
[null,null,"Ave. Cayetano Germosén, Esq. Ave. Gregorio Luperón, El Pedregal, Santo Domingo, República Dominicana. Código postal: 02487 •Tels.: 809-567-4300 / 809-807-1116 • www.ambiente.gob.do\n"]
[]
[null,null,"“Año de la Innovación y Competitividad”"]
[]
[]
[]
["CAPITULO: 0218 - MINISTERIO DE MEDIO AMBIENTE Y RECURSOS NATURALES"]
[{"$nulls":8},"DAF: 000-01"]
[]
[{"$nulls":8},"UE: 0-1"]
["SUBCAPITULO: 01"]
[]
[]
[null," SUMINISTRO: INVENTARIO ACTUAL POR OBJETAL AL (05/04/2019)"]
["Codigo","Fecha Recepcion y Adquisición",null,"Descripción","Unidad de Medida","Cantidad",null,"Precio",null,"Monto"]
["47131831201","2019-03-21",null,"ACIDO MURIATICO (DETERGENTE)","Unidad",44,null,196.59,null,8649.96]
["60131002204","2017-08-31",null,"ACORDEON 5.25 X 13.5","Unidad",50,null,350,null,17500]
["60131002203","2015-01-16",null,"ACORDEON 7 X 17.8","Unidad",15,null,350,null,5250]
["60131002201","2019-02-21",null,"ACORDEON 8 1/2 X 11","Unidad",40,null,296.61,null,11864.4]
["60131002207","2019-03-22",null,"Acordeon 8 1/2 x 13","Unidad",92,null,350,null,32200]
["44121905201","2019-03-22",null,"ALMOHADILLA","Unidad",213,null,280,null,59640]
["47131706202","2019-03-29",null,"Ambientador","Unidad",45,null,67.5,null,3037.5]
["44122117205","2019-03-11",null,"ANILLAS P/ENCUADERNAR 08MM","Unidad",895,null,20,null,17900]
["44122117204","2019-03-11",null,"ANILLAS P/ENCUADERNAR 10MM","Unidad",449,null,20,null,8980]
["44122117203","2019-03-11",null,"ANILLAS P/ENCUADERNAR 12MM","Unidad",238,null,20,null,4760]
["44122117202","2019-01-08",null,"ANILLAS P/ENCUADERNAR 19MM","Unidad",207,null,25,null,5175]
["44122117206","2019-03-11",null,"ANILLAS P/ENCUADERNAR 6MM","Unidad",1835,null,20,null,36700]
["47131829201","2019-10-16",null,"Arizolin","Unidad",122,null,257.71,null,31440.62]
["30101603201","2019-01-24",null,"Armazon 81/2x11","Unidad",12,null,195.76,null,2349.12]
["30101603202","2019-03-21",null,"Armazon 81/2x13","Unidad",38,null,207.63,null,7889.94]
["70141507202","2019-04-25",null,"AZUCAR BLANCA","Libra",1115,null,27,null,30105]
["50161509201","2019-03-25",null,"Azucar crema","Libra",1075,null,22,null,23650]
["44111503201","2019-03-12",null,"Bandeja de correspondencia","Unidad",195,null,288.75,null,56306.25]
["44111516202","2019-03-18",null,"Bandeja de escitorio","Unidad",60,null,169.49,null,10169.4]
["44111516203","2019-03-27",null,"Bandeja vertical (archivador vertical)","Unidad",13,null,185,null,2405]
["55121706202","2019-02-25",null,"Bandera Nacional","Unidad",128,null,688,null,88064]
["44121701202","2019-10-16",null,"BOLIGRAFO AZUL","Unidad",2,null,150,null,300]
["44121701208","2019-03-22",null,"BOLIGRAFO ROJO","Unidad",596,null,40,null,23840]
["44121701209","2019-03-28",null,"BOLIGRAFO VERDE","Caja",36,null,9,null,324]
["44121804201","2018-10-03",null,"BORRADOR DE PIZARRA","Unidad",105,null,19.82,null,2081.1]
["47131602201","2019-03-28",null,"Brillo verde","Unidad",1351,null,15,null,20265]
["50201706202","2301-07-24",null,"Café","Libra",1240,null,163.79,null,203099.6]
["46171506201","2019-02-04",null,"Caja Chica","Unidad",44,null,2600,null,114400]
["44101801203","2019-03-29",null,"Calculadora manual","Unidad",13,null,228.81,null,2974.53]
["43202101202","2019-03-12",null,"CARATULA PARA CD","Unidad",672,null,25,null,16800]
["44122011207","2019-02-20",null,"CARPETA CON COVER 3 PULGADA B.","Unidad",2,null,136.8,null,273.6]
["44122011208","2019-03-27",null,"CARPETA NEGRA DE 1 PULGADA","Unidad",337,null,60,null,20220]
["14111610207","2019-03-05",null,"Cartulina","Docena",48,null,5.6,null,268.8]
["14111610204","2019-03-05",null,"CARTULINA AMARILLA","Unidad",87,null,5.25,null,456.75]
["14111610202","2019-03-11",null,"CARTULINA AZUL","Unidad",107,null,5.25,null,561.75]
["14111610203","2019-03-26",null,"CARTULINA BLANCA","Unidad",202,null,5.25,null,1060.5]
["14111610208","2019-03-26",null,"CARTULINA DE HILO","Unidad",50,null,480,null,24000]
["14111610201","2019-03-05",null,"CARTULINA VERDE","Unidad",79,null,5.25,null,414.75]
["43202001201","2019-03-22",null,"CD en Blanco","Unidad",1218,null,40.5,null,49329]
["43201809201","2019-01-01",null,"CD EN BLANCO CON ESTUCHE","Unidad",382,null,14,null,5348]
["43202001203","2018-05-29",null,"CD Regrabable","Caja (10 Uds.)",150,null,40,null,6000]
["47131605201","2018-12-27",null,"CEPILLO DE PARED","Unidad",110,null,80,null,8800]
["47131605202","2019-02-28",null,"CEPILLO PARA INODORO","Unidad",47,null,90,null,4230]
["12181501201","2019-02-22",null,"CERA PARA DEDO","Unidad",33,null,26,null,858]
["44122106201","2019-03-22",null,"CHINCHETAS","Caja",58,null,25,null,1450]
["31201510201","2019-03-28",null,"Cinta adhesiva 3/4 x36","Unidad",146,null,60,null,8760]
["31201505205","2019-03-22",null,"CINTA DOBLE CARA","Unidad",51,null,151.2,null,7711.2]
["44101805201","2019-03-11",null,"CINTA PARA CALCULADORA","Unidad",455,null,38,null,17290]
["44102606202","2019-03-11",null,"CINTA PARA ESCRIBIR AX10","Unidad",67,null,169.56,null,11360.52]
["44122104210","2019-03-28",null,"CLIP BILLETERO 19MM","Unidad",151,null,13.34,null,2014.34]
["44122104203","2019-01-10",null,"CLIP BILLETERO 25 MM","Caja",192,null,22,null,4224]
["44122104209","2019-03-28",null,"CLIP BILLETERO 41MM","Unidad",147,null,48.64,null,7150.08]
["44122105201","2019-03-28",null,"CLIP BILLETERO DE 51MM","Caja",80,null,90,null,7200]
["44122105203","2019-03-27",null,"Clips de Billeteros 32mm","Caja",145,null,20.62,null,2989.9]
["44122104212","2019-03-27",null,"Clips grande","Caja",40,null,20.68,null,827.2]
["44103502204","2019-03-28",null,"Clips Pequeños","Caja ",145,null,7.58,null,1099.1]
["12141901201","2301-07-24",null,"Cloro","Galon",96,null,72.84,null,6992.64]
["44121804203","2019-03-29",null,"Corrector liquido blanco","Unidad",77,null,17.58,null,1353.66]
["47121804201","2019-03-29",null,"Cubetas plasticas","Unidad",27,null,165,null,4455]
["47131805202","2019-10-16",null,"Detergente","Libra",337,null,30,null,10110]
["44121635201","2019-03-26",null,"Dispensador de cinta adhesiva","Unidad",19,null,50.84,null,965.96]
["43202003201","2019-03-21",null,"DVD-R","Unidad",598,null,13.33,null,7971.34]
["47131604203","2019-03-29",null,"Escobas Plástica","Unidad",63,null,117,null,7371]
["47131805203","2019-03-26",null,"Espuma de Limpieza","Unidad",255,null,235.2,null,59976]
["44121701203","2301-07-24",null,"FELPAS AZULES","Caja (12 Uds.)",168,null,546,null,91728]
["44121701204","2019-03-26",null,"FELPAS NEGRA","Unidad",864,null,546,null,471744]
["44121701205","2018-05-03",null,"FELPAS ROJAS","Unidad",672,null,17,null,11424]
["44122023206","2019-03-20",null,"FOLDER ( 8 1/2 X 13 )","Unidad",12419,null,3.6,null,44708.4]
["44122023205","2019-04-25",null,"FOLDER 81/2 X 11","Unidad",12065,null,2.01,null,24250.65]
["44122023204","2019-03-28",null,"FOLDER CON BOLSILLO AZUL","Unidad",742,null,17,null,12614]
["44122023201","2301-07-24",null,"FOLDER CON BOLSILLO BLANCO","Unidad",1540,null,0,null,0]
["14111509215","2019-03-21",null,"FOLDER SATINADO CON BOLSILLO V.","Unidad",1928,null,31.8,null,61310.4]
["14111509213","2018-10-04",null,"FOLDER SATINADO MORADO","Unidad",1577,null,36.6,null,57718.2]
["24111503203","2019-03-28",null,"FUNDAS 28*36","Unidad",86,null,590,null,50740]
["47121701204","2301-07-24",null,"FUNDAS PARA BASURAS 36 X 54","Paquete (100.)",221,null,600,null,132600]
["44111512201","2019-03-29",null,"Ganchos ( macho & hembra)","Caja (50 Uds.)",215,null,52,null,11180]
["44121804204","2019-03-26",null,"Goma de Borrar Pequeña","Caja (40 Uds.)",7,null,8.5,null,59.5]
["44122107204","2019-10-16",null,"Grapa standar","Caja",86,null,23.56,null,2026.16]
["44101707201","2019-03-12",null,"GRAPADORA GRANDE","Unidad",16,null,420,null,6720]
["44101707204","2019-02-20",null,"GRAPADORA MEDIANA","Unidad",11,null,253.39,null,2787.29]
["44101707203","2019-03-12",null,"Grapas gruesa 3/8","Caja",48,null,241.92,null,11612.16]
["47131503201","2019-04-25",null,"Guantes de latex reusables","Par",108,null,97.95,null,10578.6]
["42132203202","2019-03-28",null,"Guantes desechables","Caja",41,null,260,null,10660]
["60121301201","2018-10-26",null,"Guillotinas","Unidad",1,null,7300,null,7300]
["11151704201","2019-03-25",null,"HILO PARA TRIMMER","Yarda",6910,null,14.8,null,102268]
["10191509203","2019-03-29",null,"Insecticidas","Litro",187,null,114.04,null,21325.48]
["47131704202","2301-07-24",null,"Jabon Liquido","Galon",1,null,152.64,null,152.64]
["55121606201","2019-03-21",null,"LABEL PARA CD","Caja",49,null,92.99,null,4556.51]
["44121706202","2019-03-26",null,"lapiz de carbón","Unidad",3,null,99,null,297]
["14111509217","2019-03-26",null,"LIBRETAS RAYADAS 5X8","Caja",8,null,14.24,null,113.92]
["14111509208","2019-03-27",null,"Libro Records (300 páginas)","Unidad",77,null,161.02,null,12398.54]
["14111509209","2019-03-27",null,"Libro Records (500 páginas)","Unidad",168,null,220.34,null,37017.12]
["12161902201","2018-10-01",null,"LIMPIA CRISTALES","Galon",52,null,89,null,4628]
["44121708209","2019-03-28",null,"MARCADOR GRUESO AZUL","Unidad",556,null,81.86,null,45514.16]
["44121708210","2019-03-26",null,"MARCADOR GRUESO NEGRO","Unidad",667,null,81.86,null,54600.62]
["44121708211","2019-03-25",null,"MARCADORES GRUESOS ROJO","Unidad",940,null,81.86,null,76948.4]
["44121708219","2019-03-26",null,"MARCADORES GRUESOS VERDE","Unidad",1099,null,6,null,6594]
["44121708213","2019-01-08",null,"MARCADORES PARA CD AZUL","Unidad",188,null,20,null,3760]
["44121708214","2019-02-21",null,"MARCADORES PARA PIZARRA AZUL","Unidad",136,null,12.5,null,1700]
["44121708215","2019-02-21",null,"MARCADORES PARA PIZARRA NEGRO","Unidad",274,null,12.5,null,3425]
["44121708216","2019-01-08",null,"MARCADORES PARA PIZARRA ROJO","Unidad",109,null,20,null,2180]
["44121708212","2019-02-11",null,"MARCADORES VERDE PARA CD","Unidad",150,null,30.5,null,4575]
["44121627203","2019-03-27",null,"MARCADORES VERDES","Docena",66,null,81.86,null,5402.76]
["42131606202","2019-03-28",null,"Mascarilla","Unidad",90,null,715.38,null,64384.2]
["31201522201","2019-02-13",null,"MASQUIN TAPE DE 1 PULGADA","Unidad",6,null,25,null,150]
["31201503202","2019-03-12",null,"Masquing Tape de 2 Pulg","Unidad",1,null,70,null,70]
["47131611201","2019-03-20",null,"PALITAS PARA BASURA","Unidad",44,null,78,null,3432]
["14111507202","2019-03-27",null,"Papel bond 20 ( 8.5 X 14)","Resma (500.)",26,null,250,null,6500]
["14111507205","2019-04-25",null,"Papel bond 20 (8.5 X 11)","Resma (500.)",700,null,234,null,163800]
["14111507203","2019-02-20",null,"Papel bond 20 (8.5 X 13)","Resma (500 .)",148,null,165,null,24420]
["14111507206","2019-03-18",null,"Papel en Hilo (8.5 X 11)","Resma (500.)",32,null,390,null,12480]
["14111704202","2019-04-25",null,"Papel Higienico (Jumbo)","Unidad",130,null,31,null,4030]
["14111704201","2019-03-28",null,"Papel higienico para baño institucional","Unidad",756,null,150,null,113400]
["14111515201","2019-03-26",null,"Papel para Sumadora","Docena",1377,null,10.5,null,14458.5]
["14111511202","2019-02-08",null,"PAPEL TIMBRADO","Resma (500.)",140,null,335,null,46900]
["60123601201","2019-02-20",null,"PEGAMENTO UHU","Unidad",136,null,69,null,9384]
["44122011211","2019-03-21",null,"Pendaflex ( 8 1/2  X 11)","Unidad",1716,null,15,null,25740]
["44122011212","2019-03-22",null,"Pendaflex (8 1/2  X 13)","Unidad",1575,null,20,null,31500]
["45101903202","2019-03-25",null,"Perforadora 3 hoyos","Unidad",42,null,744.45,null,31266.9]
["44111906201","2018-10-03",null,"Pizarra","Unidad",9,null,3187.1,null,28683.9]
["44111911201","2019-03-11",null,"PIZARRA DE CRAYON","Unidad",40,null,700,null,28000]
["44122104207","2019-03-27",null,"Porta Clips","Unidad",76,null,6.97,null,529.72]
["44121715205","2019-03-26",null,"Porta lapiz","Unidad",12,null,33.72,null,404.64]
["47131701201","2019-03-26",null,"PORTA PAPEL TOALLA","Unidad",2,null,680,null,1360]
["14111509210","2018-10-04",null,"PORTADAS AZULES DE 3 HOYOS DE 3.","Unidad",2944,null,20,null,58880]
["14111509212","2019-03-11",null,"PORTADAS PARA ENCUADERNAR P.","Unidad",8383,null,20,null,167660]
["14111509211","2018-10-24",null,"PORTADAS PARA ENCUADERNAR VERDE","Unidad",2700,null,15,null,40500]
["14111530201","2019-03-27",null,"POST IT 2X3","Unidad",2291,null,12,null,27492]
["14111530204","2019-03-28",null,"POST-IT 3 X 3","Caja",559,null,12.08,null,6752.72]
["14111530205","2019-03-27",null,"POST-IT 3X5","Caja",1928,null,19.58,null,37750.24]
["44122014201","2017-08-31",null,"Refuerzo Para Hojas","Unidad",36,null,35,null,1260]
["41111604201","2019-03-28",null,"Reglas 12\"","Unidad",30,null,4.75,null,142.5]
["44121708203","2019-03-28",null,"RESALTADORES AMARILLO","Unidad",77,null,390,null,30030]
["44103111202","2019-03-27",null,"Roll- tinta Azul","Unidad",243,null,52,null,12636]
["44103111201","2019-01-08",null,"Rolo de Tinta Negra","Unidad",35,null,250,null,8750]
["44103111203","2019-01-08",null,"ROLON DE TINTA VERDE","Unidad",78,null,320,null,24960]
["44122026201","2019-03-28",null,"Sacagrapas","Unidad",24,null,14.24,null,341.76]
["44121625202","2019-02-21",null,"SACAPUNTA ELECTRICO","Unidad",32,null,740,null,23680]
["44121625201","2019-03-27",null,"SACAPUNTAS DE HIERRO","Unidad",87,null,21,null,1827]
["14111705203","2019-04-25",null,"SERVILLETAS 500/1","Paquete",116,null,93.6,null,10857.6]
["44121506207","2019-03-29",null,"SOBRE BLANCO NO.10","Unidad",492,null,0.9,null,442.8]
["44121506202","2019-03-28",null,"SOBRE DE MANILA 5X8","Unidad",1817,null,10,null,18170]
["44121506213","2019-03-28",null,"Sobre manila (10 X 13)","Unidad",32,null,2.64,null,84.48]
["44121506203","2019-03-19",null,"SOBRE MANILA 10 X 15","Unidad",2,null,2.77,null,5.54]
["44121506204","2019-03-11",null,"SOBRE MANILA 14 X 16","Unidad",1797,null,9,null,16173]
["44121506215","2019-03-29",null,"Sobres Manila (6x9 )","Unidad",468,null,1.6,null,748.8]
["47121605201","2301-07-24",null,"Suaper","Unidad",32,null,135,null,4320]
["30191502203","2019-03-12",null,"TABLA PARA APOYAR","Unidad",2,null,130,null,260]
["44103111204","2019-03-27",null,"TINTA P/SELLOS AZUL 35FL","Unidad",89,null,18.86,null,1678.54]
["44121710201","2016-01-14",null,"TIZA VERDE PARA PIZARRA","Caja",144,null,70,null,10080]
["52121704201","2019-03-28",null,"TOALLAS DE COCINA","Unidad",138,null,45,null,6210]
["44103103237","2019-03-28",null,"TONER PK HP 492 DELL","Unidad",8,null,6800,null,54400]
["52152102201","2019-03-28",null,"VASOS TIPO CONO","Paquete (200)",1091,null,108.38,null,118242.58]
["47131611208","2019-03-27",null,"ZAFACON DE METAL","Unidad",7,null,273.8,null,1916.6]
[{"$nulls":5},"Total RD$",{"$nulls":3},3847578.04]
[]
[{"$nulls":3},"PREPADO POR",null,"AUTORIZADO POR"]